| 000 | 00490nam a2200169Ia 4500 | ||
|---|---|---|---|
| 999 |
_c35257 _d35257 |
||
| 003 | OSt | ||
| 005 | 20200930115533.0 | ||
| 008 | 190216s9999||||xx |||||||||||||| ||und|| | ||
| 040 | _coclc | ||
| 082 |
_a614.4254 _bMIS/M |
||
| 100 |
_aMisra, R P _95196 |
||
| 245 | 0 |
_aMedical Geography Of India / _cR P Misra |
|
| 260 |
_bNational Book Trust India, _c1970. _aNew Delhi: |
||
| 300 | _a201p | ||
| 650 | _aGeography | ||
| 942 |
_cREF _2ddc _h614.4254 _iMIS/M _k614.4254 _mMIS/M |
||